00394nam a2200145Ia 4500003000400000005001700004008004100021040000900062082002000071100003500091245005800126260004400184300000900228650001100237OSt20201223154130.0190216s9999||||xx |||||||||||||| ||und|| coclc a297.1247bBAY/A a Bayḍawi, Abd Allah Ibn Umar 0aAl Tafsir Lil Baydawi /cAbd Allah Ibn Umar Bayḍawi bSahithya Pravarthaka Sahakarana Sangam, a169p aArabic